000
00260nam a2200109Ia 4500
008
190216s9999||||xx |||||||||||||| ||und||
100
_a
Chemmanam Chacko
245
0
_a
Vallathole Kaviyum Vyakthiyum
260
_b
Null
650
_a
Jeeva Charithram
942
_c
BK
999
_c
25349
_d
25349